[Event "Espalion op 2nd"]
[Site "Espalion"]
[Date "2017.07.17"]
[Round "3"]
[White "Lemaire, Frederic"]
[Black "Huin, Eric"]
[Result "0-1"]
[WhiteElo "1486"]
[BlackElo "1801"]
[PlyCount "85"]
[EventDate "2017.07.15"]
[EventType "swiss"]
[EventRounds "9"]
[EventCountry "FRA"]
[SourceTitle "CBM 179 Extra"]
[Source "ChessBase"]
[SourceDate "2017.08.23"]
[SourceVersion "1"]
[SourceVersionDate "2017.08.23"]
[SourceQuality "1"]

1. d4 Nf6 2. Nf3 g6 3. e3 Bg7 4. Bd3 d6 5. h3 Nbd7 6. b3 0-0 7. Bb2 c6 8. Nbd2 Qc7 9. Qe2 e5 10. dxe5 dxe5 11. Ne4 Nxe4 12. Bxe4 Nc5 13. Nd2 Be6 14. 0-0 f5 15. Bd3 e4 16. Bxg7 exd3 17. cxd3 Kxg7 18. Rac1 Qd6 19. d4 Nd7 20. Nf3 Bd5 21. Nd2 Rae8 22. Nc4 Bxc4 23. Qxc4 Nb6 24. Qc3 Nd5 25. Qb2 f4 26. exf4 Rxf4 27. Qd2 Rfe4 28. Rfe1 Qb4 29. Qxb4 Nxb4 30. Rxe4 Rxe4 31. a3 Nd3 32. Rc4 Re1+ 33. Kh2 Rc1 34. Kg3 Rxc4 35. bxc4 Nb2 36. c5 Nc4 37. a4 a5 38. Kf4 Kf6 39. g4 Nb2 40. g5+ Ke6 41. Ke4 Nxa4 42. f4 Nc3+ 43. Kd3 0-1

[Event "Espalion op 1st"]
[Site "Espalion"]
[Date "2016.07.11"]
[Round "3"]
[White "Lemaire, Frederic"]
[Black "Carno, Matthias"]
[Result "0-1"]
[WhiteElo "1468"]
[BlackElo "1792"]
[PlyCount "40"]
[EventDate "2016.07.09"]
[EventType "swiss"]
[EventRounds "9"]
[EventCountry "FRA"]
[SourceTitle "CBM 173 Extra"]
[Source "ChessBase"]
[SourceDate "2016.08.29"]
[SourceVersion "1"]
[SourceVersionDate "2016.08.29"]
[SourceQuality "1"]

1. e4 e5 2. Nf3 Nc6 3. d4 exd4 4. Nxd4 d6 5. Be3 g6 6. Be2 Bg7 7. 0-0 Nf6 8. Nc3 0-0 9. Qd2 Re8 10. f3 d5 11. exd5 Nxd5 12. Nxd5 Qxd5 13. c4 Qe5 14. Nc2 Bf5 15. f4 Qe7 16. Rf3 Rad8 17. Qc1 Bxc2 18. Qxc2 Bd4 19. Re1 Bxe3+ 20. Rxe3 Qxe3+ 0-1